<?xml version="1.0" encoding="UTF-8"?>
<record
    xmlns:xsi="http://www.w3.org/2001/XMLSchema-instance"
    xsi:schemaLocation="http://www.loc.gov/MARC21/slim http://www.loc.gov/standards/marcxml/schema/MARC21slim.xsd"
    xmlns="http://www.loc.gov/MARC21/slim">

  <leader>00356    a2200133   4500</leader>
  <controlfield tag="005">20250430095422.0</controlfield>
  <datafield tag="020" ind1=" " ind2=" ">
    <subfield code="a">85258 136 X</subfield>
  </datafield>
  <datafield tag="082" ind1=" " ind2=" ">
    <subfield code="a">658.007 DEV</subfield>
  </datafield>
  <datafield tag="100" ind1=" " ind2=" ">
    <subfield code="a">DEVERELL, C.S.</subfield>
  </datafield>
  <datafield tag="245" ind1=" " ind2=" ">
    <subfield code="a">Management Studies: Examination Questions and Suggested Answers.</subfield>
  </datafield>
  <datafield tag="260" ind1=" " ind2=" ">
    <subfield code="a">London,</subfield>
    <subfield code="b">Gee &amp; Co LTD,</subfield>
    <subfield code="c">1974.</subfield>
  </datafield>
  <datafield tag="300" ind1=" " ind2=" ">
    <subfield code="a">210p.: ill.;</subfield>
    <subfield code="c">21cm</subfield>
  </datafield>
  <datafield tag="942" ind1=" " ind2=" ">
    <subfield code="2">ddc</subfield>
    <subfield code="c">BKS</subfield>
  </datafield>
  <datafield tag="999" ind1=" " ind2=" ">
    <subfield code="c">1805</subfield>
    <subfield code="d">1805</subfield>
  </datafield>
  <datafield tag="952" ind1=" " ind2=" ">
    <subfield code="r">2025-04-30 08:17:37</subfield>
    <subfield code="l">0</subfield>
    <subfield code="o">658.007 DEV</subfield>
    <subfield code="p">0000007040</subfield>
    <subfield code="v">30000.00</subfield>
    <subfield code="w">2025-04-30</subfield>
    <subfield code="y">BKS</subfield>
    <subfield code="1">0</subfield>
    <subfield code="2">ddc</subfield>
    <subfield code="4">0</subfield>
    <subfield code="7">0</subfield>
    <subfield code="0">0</subfield>
    <subfield code="a">CBEML</subfield>
    <subfield code="b">CBEML</subfield>
    <subfield code="c">GEN</subfield>
    <subfield code="d">1979-10-09</subfield>
    <subfield code="g">10000.00</subfield>
  </datafield>
  <datafield tag="952" ind1=" " ind2=" ">
    <subfield code="r">2025-04-30 08:17:37</subfield>
    <subfield code="l">0</subfield>
    <subfield code="o">658.007 DEV</subfield>
    <subfield code="p">0000007041</subfield>
    <subfield code="v">30000.00</subfield>
    <subfield code="w">2025-04-30</subfield>
    <subfield code="y">BKS</subfield>
    <subfield code="1">0</subfield>
    <subfield code="2">ddc</subfield>
    <subfield code="4">0</subfield>
    <subfield code="7">0</subfield>
    <subfield code="0">0</subfield>
    <subfield code="a">CBEML</subfield>
    <subfield code="b">CBEML</subfield>
    <subfield code="c">GEN</subfield>
    <subfield code="d">1979-10-09</subfield>
    <subfield code="g">10000.00</subfield>
  </datafield>
  <datafield tag="952" ind1=" " ind2=" ">
    <subfield code="r">2025-04-30 08:17:37</subfield>
    <subfield code="l">0</subfield>
    <subfield code="o">658.007 DEV</subfield>
    <subfield code="p">0000007042</subfield>
    <subfield code="v">30000.00</subfield>
    <subfield code="w">2025-04-30</subfield>
    <subfield code="y">BKS</subfield>
    <subfield code="1">0</subfield>
    <subfield code="2">ddc</subfield>
    <subfield code="4">0</subfield>
    <subfield code="7">0</subfield>
    <subfield code="0">0</subfield>
    <subfield code="a">CBEML</subfield>
    <subfield code="b">CBEML</subfield>
    <subfield code="c">GEN</subfield>
    <subfield code="d">1979-10-09</subfield>
    <subfield code="g">10000.00</subfield>
  </datafield>
  <datafield tag="952" ind1=" " ind2=" ">
    <subfield code="r">2025-04-30 08:17:37</subfield>
    <subfield code="l">0</subfield>
    <subfield code="o">658.007 DEV</subfield>
    <subfield code="p">0000007043</subfield>
    <subfield code="v">30000.00</subfield>
    <subfield code="w">2025-04-30</subfield>
    <subfield code="y">BKS</subfield>
    <subfield code="1">0</subfield>
    <subfield code="2">ddc</subfield>
    <subfield code="4">0</subfield>
    <subfield code="7">0</subfield>
    <subfield code="0">0</subfield>
    <subfield code="a">CBEML</subfield>
    <subfield code="b">CBEML</subfield>
    <subfield code="c">GEN</subfield>
    <subfield code="d">1979-10-09</subfield>
    <subfield code="g">10000.00</subfield>
  </datafield>
  <datafield tag="952" ind1=" " ind2=" ">
    <subfield code="r">2025-04-30 08:17:37</subfield>
    <subfield code="l">0</subfield>
    <subfield code="o">658.007 DEV</subfield>
    <subfield code="p">0000007044</subfield>
    <subfield code="v">30000.00</subfield>
    <subfield code="w">2025-04-30</subfield>
    <subfield code="y">BKS</subfield>
    <subfield code="1">0</subfield>
    <subfield code="2">ddc</subfield>
    <subfield code="4">0</subfield>
    <subfield code="7">0</subfield>
    <subfield code="0">0</subfield>
    <subfield code="a">CBEML</subfield>
    <subfield code="b">CBEML</subfield>
    <subfield code="c">GEN</subfield>
    <subfield code="d">1979-10-09</subfield>
    <subfield code="g">10000.00</subfield>
  </datafield>
  <datafield tag="952" ind1=" " ind2=" ">
    <subfield code="r">2025-04-30 08:17:37</subfield>
    <subfield code="l">0</subfield>
    <subfield code="o">658.007 DEV</subfield>
    <subfield code="p">0000007045</subfield>
    <subfield code="v">30000.00</subfield>
    <subfield code="w">2025-04-30</subfield>
    <subfield code="y">BKS</subfield>
    <subfield code="1">0</subfield>
    <subfield code="2">ddc</subfield>
    <subfield code="4">0</subfield>
    <subfield code="7">0</subfield>
    <subfield code="0">0</subfield>
    <subfield code="a">CBEML</subfield>
    <subfield code="b">CBEML</subfield>
    <subfield code="c">GEN</subfield>
    <subfield code="d">1979-10-09</subfield>
    <subfield code="g">10000.00</subfield>
  </datafield>
  <datafield tag="952" ind1=" " ind2=" ">
    <subfield code="r">2025-04-30 09:56:15</subfield>
    <subfield code="l">0</subfield>
    <subfield code="o">658.007 DEV</subfield>
    <subfield code="p">0000007082</subfield>
    <subfield code="v">30000.00</subfield>
    <subfield code="w">2025-04-30</subfield>
    <subfield code="y">BKS</subfield>
    <subfield code="1">0</subfield>
    <subfield code="2">ddc</subfield>
    <subfield code="4">0</subfield>
    <subfield code="7">0</subfield>
    <subfield code="0">0</subfield>
    <subfield code="a">CBEML</subfield>
    <subfield code="b">CBEML</subfield>
    <subfield code="c">GEN</subfield>
    <subfield code="d">1979-10-09</subfield>
    <subfield code="g">10000.00</subfield>
  </datafield>
  <datafield tag="952" ind1=" " ind2=" ">
    <subfield code="r">2025-05-01 09:31:47</subfield>
    <subfield code="l">0</subfield>
    <subfield code="o">658.007 DEV</subfield>
    <subfield code="p">0000007340</subfield>
    <subfield code="v">30000.00</subfield>
    <subfield code="w">2025-05-01</subfield>
    <subfield code="y">BKS</subfield>
    <subfield code="1">0</subfield>
    <subfield code="2">ddc</subfield>
    <subfield code="4">0</subfield>
    <subfield code="7">0</subfield>
    <subfield code="0">0</subfield>
    <subfield code="a">CBEML</subfield>
    <subfield code="b">CBEML</subfield>
    <subfield code="c">GEN</subfield>
    <subfield code="d">1979-09-10</subfield>
    <subfield code="g">10000.00</subfield>
  </datafield>
  <datafield tag="952" ind1=" " ind2=" ">
    <subfield code="r">2025-05-01 09:31:47</subfield>
    <subfield code="l">0</subfield>
    <subfield code="o">658.007 DEV</subfield>
    <subfield code="p">0000007341</subfield>
    <subfield code="v">30000.00</subfield>
    <subfield code="w">2025-05-01</subfield>
    <subfield code="y">BKS</subfield>
    <subfield code="1">0</subfield>
    <subfield code="2">ddc</subfield>
    <subfield code="4">0</subfield>
    <subfield code="7">0</subfield>
    <subfield code="0">0</subfield>
    <subfield code="a">CBEML</subfield>
    <subfield code="b">CBEML</subfield>
    <subfield code="c">GEN</subfield>
    <subfield code="d">1979-09-10</subfield>
    <subfield code="g">10000.00</subfield>
  </datafield>
</record>
